MARC details
| 000 -LEADER |
| fixed length control field |
01084cas a2200277 a 4500 |
| 001 - CONTROL NUMBER |
| control field |
11250776 |
| 005 - DATE AND TIME OF LATEST TRANSACTION |
| control field |
20240311035843.0 |
| 008 - FIXED-LENGTH DATA ELEMENTS--GENERAL INFORMATION |
| fixed length control field |
810119c19819999mduqr p o 0 a0eng c |
| 020 ## - INTERNATIONAL STANDARD BOOK NUMBER |
| ISBN |
02750392 |
| 040 ## - CATALOGING SOURCE (பட்டியலாக்க மூலம்) |
| Original cataloging agency |
NSD |
| Language of cataloging |
eng |
| Transcribing agency |
NSD |
| Modifying agency |
CLU |
| -- |
NSD |
| -- |
HUL |
| -- |
DLC |
| -- |
NST |
| -- |
DLC |
| -- |
NST |
| -- |
AIP |
| -- |
NST |
| -- |
AIP |
| -- |
NST |
| -- |
NSD |
| -- |
NST |
| -- |
NSD |
| -- |
NST |
| -- |
NSD |
| -- |
GUA |
| -- |
IUL |
| -- |
MYG |
| -- |
OCL |
| -- |
CUS |
| -- |
IUL |
| -- |
OCL |
| -- |
GUA |
| -- |
SYS |
| -- |
OCL |
| -- |
NLM |
| -- |
OCLCQ |
| -- |
EYM |
| -- |
CUS |
| -- |
NLGGC |
| -- |
LVB |
| -- |
NYDWH |
| -- |
NSD |
| -- |
OCLCQ |
| -- |
UKMGB |
| -- |
OCLCF |
| -- |
OCLCO |
| -- |
P4I |
| -- |
DEBBG |
| -- |
OCLCO |
| -- |
I8M |
| -- |
OCLCQ |
| -- |
NLC |
| -- |
OCLCQ |
| -- |
SLR |
| -- |
AU@ |
| -- |
OCLCQ |
| -- |
HTM |
| -- |
OCLCQ |
| -- |
CGU |
| -- |
IL4J6 |
| -- |
OCLCO |
| -- |
PWQ |
| -- |
OCLCQ |
| 082 04 - DDC Classification |
| Class No. |
323.4 |
| DDC Edition Number |
22 |
| Item Number - Author Mark |
Hum. |
| 245 00 - TITLE STATEMENT |
| Title |
Human rights quarterly. |
| Remainder of title |
A Comparative and international journal of the social sciences, philosophy, and law/ |
| 260 ## - PUBLICATION, DISTRIBUTION, ETC. |
| Place of publication, distribution, etc. |
Baltimore : |
| Name of publisher, distributor, etc. |
Johns Hopkins University Press, |
| Date of publication, distribution, etc. |
1981 |
| 300 ## - PHYSICAL DESCRIPTION |
| Extent (e.g. Volumes, Pages etc.) |
iv, 157 p., |
| 650 #0 - SUBJECT ADDED ENTRY--TOPICAL TERM |
| Topical term or geographic name entry element |
Civil rights |
| 650 #6 - SUBJECT ADDED ENTRY--TOPICAL TERM |
| Topical term or geographic name entry element |
Droits de l'homme |
| 650 #7 - SUBJECT ADDED ENTRY--TOPICAL TERM |
| Topical term or geographic name entry element |
human rights. |
| 650 #7 - SUBJECT ADDED ENTRY--TOPICAL TERM |
| Topical term or geographic name entry element |
Civil rights. |
| 650 17 - SUBJECT ADDED ENTRY--TOPICAL TERM |
| Topical term or geographic name entry element |
Mensenrechten. |
| 650 #7 - SUBJECT ADDED ENTRY--TOPICAL TERM |
| Topical term or geographic name entry element |
Public law |
| 650 #7 - SUBJECT ADDED ENTRY--TOPICAL TERM |
| Topical term or geographic name entry element |
Periodicals |
| 650 #7 - SUBJECT ADDED ENTRY--TOPICAL TERM |
| Topical term or geographic name entry element |
Civil rights |
| 650 #7 - SUBJECT ADDED ENTRY--TOPICAL TERM |
| Topical term or geographic name entry element |
Human rights |
| 650 17 - SUBJECT ADDED ENTRY--TOPICAL TERM |
| Topical term or geographic name entry element |
HUMAN RIGHTS. |
| 942 ## - Koha item type (Biblio) |
| Koha item type |
Books in Stacks (Lending) |